| 000 | 02920nam a22002897a 4500 | ||
|---|---|---|---|
| 001 | 8545 | ||
| 003 | FISKH | ||
| 005 | 20250919150814.0 | ||
| 008 | 250918b cb ||||| |||| 00| 0 eng d | ||
| 020 | _a9789996301865 | ||
| 040 |
_aFISKH _bkhr _cFISKH _dFISKH |
||
| 050 | _aPZ7 | ||
| 100 | _aDawn, Dim | ||
| 245 |
_aកុមារជក់ទិព្វ : _bA boy with magic bursh / _cនិពន្ធដោយលោក ឌឹម ដន |
||
| 260 |
_aPhnom Penh : _bReading Books , _c2013. |
||
| 300 |
_a28 pages : _bcolor illustrations ; _c25 cm . |
||
| 505 | _aP | ||
| 520 | _aរឿង កុមារជក់ទិព្វ អ្នកនិពន្ធចង់បង្ហាញអោយប្អូនៗកុមារចេះតស៊ូរនឹងការងារ ទោះមានការគាបសង្កត់ពីសំណាក់អ្នកដទៃក៏ដោយ ។ តួយ៉ាងដូចកុមារជក់ទិព្វ ថ្វីត្បិតតែគេនៅក្មេងមែន តែគេចេះស្រលាញ់ប្រជាជនក្រីក្រដូចជារូបគេដែរ ហើយគេបានជួយដល់អ្នកទាំងនោះទៀតផង ។ ប្អូនៗត្រូវដឹងថាទោះបីជាអ្នកជាក្មេងកំព្រាកំសត់ តែការតស៊ូអំណត់គួបផ្សំនឺងសមត្ថភាពរបស់ប្អូន ក៏គង់តែមានអ្នកជួយធ្វើអោយប្អូនៗអាចសម្រេចនូវគោលបំណងរបស់ខ្លួនជាមិនខានឡើយ ។ ដូច្នះប្អូនៗត្រូវតែព្យាយាមខិតខំរហូតទាល់តែបានទទួលជ័យជំនះទៅលើការរៀនសូត្រ និងទេពកោសល្យរបស់ខ្លួន ។ | ||
| 520 | _aThe story " A boy with a magic brush " is written to educate young people on how to struggle and persist against the suppression and suppression and exploitation by other people . An exaample is the case of a boy who with a magic brush , who likes helping the poor like he is even though he is a young boy . It is recommended that being a poor orphan doesn't matter but it is the persistences as you wish. Therefore, you should study hard and never give up until your dream of success becomes a reality . | ||
| 521 | 8 |
_a650
_bLexile estimate |
|
| 521 | 8 |
_aP
_bRaz-Plus |
|
| 650 |
_aកុមារជក់ទិព្វ _vរឿងនិទានកុមារ |
||
| 650 |
_aA boy with a magic brush _vChildren's Stories |
||
| 700 |
_aSem, Sot _eIllustrator |
||
| 942 |
_2ddc _cKHB _n0 |
||
| 999 |
_c8545 _d8545 |
||